[Event "Elit(Sollentuna-SodraSASS)"]
[Site "?"]
[Date "2006.??.??"]
[Round "7"]
[White "Agrest, Evgenij"]
[Black "Akesson, Ralf"]
[Result "1-0"]
[WhiteElo "2684"]
[BlackElo "2582"]
[PlyCount "115"]
[EventDate "2006.??.??"]

1. d4 Nf6 2. c4 e6 3. Nf3 b6 4. Nc3 Bb7 5. a3 d5 6. cxd5 Nxd5 7. e3 Be7 8. Bb5+
c6 9. Bd3 O-O 10. O-O Nxc3 11. bxc3 c5 12. Bb2 Nd7 13. Qe2 Qc7 14. e4 Rfe8 15.
Rad1 Rac8 16. Qe3 Bf8 17. Kh1 g6 18. e5 f6 19. exf6 Nxf6 20. Ne5 Bg7 21. Rde1
Bd5 22. Qh3 cxd4 23. cxd4 Qb7 24. f3 b5 25. Qh4 a5 26. Ra1 Bc4 27. Rab1 Bxd3
28. Nxd3 Rc4 29. Rfe1 Nd5 30. Nc5 Qf7 31. Qf2 Nf4 32. Qd2 a4 33. Ba1 Bxd4 34.
Bxd4 Rd8 35. Rxb5 Rcxd4 36. Qe3 Rd2 37. Rb8 Rxb8 38. Qxd2 Qf5 39. Ne4 g5 40.
Qd4 e5 41. Qxa4 h5 42. Qc4+ Kh8 43. Qc7 Rc8 44. Qe7 Qe6 45. Qxg5 Rg8 46. Qf6+
Qxf6 47. Nxf6 Rg6 48. Nd7 Rxg2 49. Rg1 Rd2 50. Nf6 Rd8 51. a4 h4 52. a5 Rf8 53.
Nd7 Ra8 54. Ra1 Nd3 55. Kg2 Ra7 56. Nb6 Nf4+ 57. Kf1 Ra6 58. Nd7 1-0

[Event "Elit(Sollentuna-SodraSASS)"]
[Site "?"]
[Date "2006.??.??"]
[Round "7"]
[White "Ornstein, Axel"]
[Black "Berg, Emanuel"]
[Result "1/2-1/2"]
[WhiteElo "2417"]
[BlackElo "2618"]
[PlyCount "101"]
[EventDate "2006.??.??"]

1. c4 f5 2. g3 Nf6 3. Bg2 g6 4. Nc3 Bg7 5. d3 d6 6. e4 Nc6 7. Nge2 O-O 8. O-O
e5 9. Nd5 h6 10. exf5 Bxf5 11. Nxf6+ Rxf6 12. Be3 Qd7 13. Qd2 g5 14. f4 gxf4
15. gxf4 Raf8 16. Ng3 Bh3 17. f5 Bxg2 18. Qxg2 R8f7 19. Rf2 Ne7 20. Raf1 Nxf5
21. Nxf5 Rxf5 22. Rxf5 Rxf5 23. Rxf5 Qxf5 24. Bxh6 Qf6 25. Bxg7 Qxg7 26. Kf2
Qxg2+ 27. Kxg2 Kg7 28. Kf3 Kf6 29. Kg4 a5 30. b3 Kg6 31. h4 Kf6 32. h5 c6 33.
a3 c5 34. h6 Kg6 35. h7 Kxh7 36. Kf5 Kh6 37. Ke6 Kg5 38. Kxd6 Kf4 39. Kxc5 Ke3
40. Kb6 Kxd3 41. Kxb7 e4 42. c5 e3 43. c6 e2 44. c7 e1=Q 45. c8=Q Qe7+ 46. Kb6
Qxa3 47. Qc4+ Kd2 48. Kb5 Qa1 49. Qc7 Kd3 50. Qxa5 Qe5+ 51. Ka4 1/2-1/2

[Event "Elit(Sollentuna-SodraSASS)"]
[Site "?"]
[Date "2006.??.??"]
[Round "7"]
[White "Ernst, Thomas"]
[Black "Furhoff, Johan"]
[Result "0-1"]
[WhiteElo "2590"]
[BlackElo "2430"]
[PlyCount "99"]
[EventDate "2006.??.??"]

1. e4 e5 2. Nf3 Nc6 3. Bb5 a6 4. Ba4 Nf6 5. O-O b5 6. Bb3 Bb7 7. Re1 Bc5 8. c3
d6 9. d4 Bb6 10. Bg5 h6 11. Bh4 g5 12. Bg3 O-O 13. h4 g4 14. Nh2 Qc8 15. Bd5
Re8 16. h5 exd4 17. Bh4 Nxd5 18. Nxg4 Qe6 19. Nd2 dxc3 20. bxc3 Ne5 21. Nxe5
Qxe5 22. exd5 Qxd5 23. Qg4+ Kh7 24. Rad1 Rxe1+ 25. Rxe1 Rg8 26. Qe4+ f5 27.
Qxd5 Bxd5 28. g3 Bc6 29. Re7+ Rg7 30. Re6 Bd5 31. Re8 Bf7 32. Rf8 Bxh5 33. Rxf5
Rf7 34. Rxh5 Rxf2 35. g4 Rxd2+ 36. Kf1 Kg6 37. Rf5 Rxa2 38. Rf6+ Kg7 39. Re6
Ra4 40. Re7+ Kf8 41. Re6 Rxg4 42. Rxh6 Kg7 43. Rh5 Kg6 44. Rh8 Kf5 45. Be1 Ke4
46. Rh3 a5 47. Ke2 Rg2+ 48. Kd1 Be3 49. Rh4+ Kd3 50. Rh3 0-1

[Event "Elit(Sollentuna-SodraSASS)"]
[Site "?"]
[Date "2006.??.??"]
[Round "7"]
[White "Carlsson, Pontus"]
[Black "Welin, Thomas"]
[Result "1-0"]
[WhiteElo "2586"]
[BlackElo "2382"]
[PlyCount "53"]
[EventDate "2006.??.??"]

1. e4 c5 2. Nf3 Nc6 3. Nc3 e5 4. Bc4 d6 5. d3 Be7 6. O-O Be6 7. Nd5 Nf6 8. Ng5
Bxd5 9. exd5 Nb8 10. f4 exf4 11. Bxf4 O-O 12. Qf3 Nbd7 13. Rae1 Nb6 14. Qh3 h6
15. Ne4 Ne8 16. Bxh6 Nxc4 17. dxc4 f5 18. Bd2 Bh4 19. g3 Bf6 20. Rxf5 Qd7 21.
Nxf6+ Rxf6 22. Re6 Rxf5 23. Qxf5 Nc7 24. Re5 Qa4 25. Re7 Rf8 26. Qg6 Ne8 27.
Bc3 1-0

[Event "Elit(Sollentuna-SodraSASS)"]
[Site "?"]
[Date "2006.??.??"]
[Round "7"]
[White "Winge, Stefan"]
[Black "Eriksson, Jonas"]
[Result "1/2-1/2"]
[WhiteElo "2263"]
[BlackElo "2367"]
[PlyCount "117"]
[EventDate "2006.??.??"]

1. e4 c6 2. d4 d5 3. e5 Bf5 4. Nf3 e6 5. Be2 h6 6. O-O Nd7 7. a3 Ne7 8. Nh4 Bh7
9. Bd3 Bxd3 10. Qxd3 g5 11. Nf3 Ng6 12. h3 Be7 13. Be3 c5 14. c3 c4 15. Qc2 h5
16. g3 b5 17. Nbd2 a5 18. b3 cxb3 19. Qxb3 Rb8 20. a4 b4 21. c4 Nb6 22. c5 Nc8
23. Qd3 Rg8 24. Kh1 Rh8 25. Nb3 g4 26. Nh2 Bg5 27. Nxa5 Qxa5 28. Bxg5 gxh3 29.
Nf3 Nce7 30. Kh2 Nc6 31. Bd2 Qd8 32. Rfe1 Kd7 33. Ng5 Qg8 34. a5 Nge7 35. Rg1
Nf5 36. Nf3 Qg4 37. Bf4 h4 38. a6 hxg3+ 39. fxg3 Na7 40. Ng5 Nc6 41. a7 Rbc8
42. Qb5 Nfxd4 43. Qb7+ Rc7 44. a8=Q Qe2+ 45. Kh1 Rxa8 46. Qxa8 Nf3 47. Qa2 Nxg1
48. Kxg1 Nd4 49. Qxe2 Nxe2+ 50. Kf2 Nc3 51. Be3 b3 52. Bd4 b2 53. Bxc3 bxa1=Q
54. Bxa1 Ra7 55. Bd4 Ra2+ 56. Kg1 Rg2+ 57. Kh1 Rxg3 58. Nxf7 Rd3 59. Bg1
1/2-1/2

[Event "Elit(Sollentuna-SodraSASS)"]
[Site "?"]
[Date "2006.??.??"]
[Round "7"]
[White "Dzevlan, Miralem"]
[Black "Adler, Bo"]
[Result "1-0"]
[WhiteElo "2451"]
[BlackElo "2145"]
[PlyCount "107"]
[EventDate "2006.??.??"]

1. d4 Nf6 2. c4 e6 3. Nf3 b6 4. a3 Bb7 5. Nc3 Ne4 6. Nxe4 Bxe4 7. g3 Be7 8. Bh3
O-O 9. O-O d6 10. Nd2 Bb7 11. e4 Nc6 12. d5 Nd4 13. Nb1 c5 14. Nc3 exd5 15.
exd5 Bg5 16. Be3 Ba6 17. Bxd4 cxd4 18. Qxd4 Bf6 19. Qd3 Qc7 20. Nb5 Bxb5 21.
cxb5 Bxb2 22. Ra2 Qc3 23. Rd1 Rfe8 24. Qxc3 Bxc3 25. Rc2 Bf6 26. Rc6 Rad8 27.
Rc7 Re7 28. Rdc1 Kf8 29. Rxe7 Bxe7 30. Rc7 Ra8 31. Bd7 Bd8 32. Rb7 a6 33. a4
axb5 34. Bxb5 h6 35. Kg2 Rc8 36. Bc6 g6 37. f4 Kg7 38. Rd7 Bf6 39. Rxd6 Rd8 40.
Rxd8 Bxd8 41. d6 f5 42. Kf3 Bf6 43. Ke3 Kf7 44. Bd5+ Ke8 45. Be6 Bb2 46. Kd3
Ba3 47. d7+ Ke7 48. Kc4 Bc1 49. Kd4 Bb2+ 50. Kd5 Bf6 51. h3 Kf8 52. Kd6 Bd8 53.
Bc4 Kg7 54. Kc6 1-0

[Event "Elit(Wasa-Rockaden)"]
[Site "?"]
[Date "2006.??.??"]
[Round "7"]
[White "Nielsen, Peter Heine"]
[Black "Wedberg, Tom"]
[Result "1-0"]
[WhiteElo "2694"]
[BlackElo "2553"]
[PlyCount "71"]
[EventDate "2006.??.??"]

1. d4 Nf6 2. c4 e5 3. dxe5 Ng4 4. Bf4 Nc6 5. Nf3 Bb4+ 6. Nbd2 Qe7 7. e3 Ngxe5
8. Nxe5 Nxe5 9. Be2 d6 10. O-O Bd7 11. a3 Ba5 12. c5 Bxd2 13. Qxd2 Bc6 14. cxd6
cxd6 15. Rfd1 Rd8 16. Qa5 a6 17. Rd4 f6 18. Rad1 Rd7 19. b4 O-O 20. a4 b5 21.
Rc1 Ra7 22. Rd2 Qb7 23. f3 d5 24. Bxe5 fxe5 25. Rdc2 Rc8 26. f4 Raa8 27. fxe5
d4 28. exd4 Be4 29. Rc7 Rxc7 30. Rxc7 Qd5 31. Qb6 Bxg2 32. Bg4 Re8 33. Rc8 Rxc8
34. Be6+ Kh8 35. Bxd5 Bxd5 36. e6 1-0

[Event "Elit(Wasa-Rockaden)"]
[Site "?"]
[Date "2006.??.??"]
[Round "7"]
[White "Lyrberg, Patrik"]
[Black "Karlsson, Lars"]
[Result "1-0"]
[WhiteElo "2558"]
[BlackElo "2626"]
[PlyCount "93"]
[EventDate "2006.??.??"]

1. d4 e6 2. c4 f5 3. Nc3 Bb4 4. Qc2 Nf6 5. f3 O-O 6. Bg5 Qe8 7. O-O-O Bxc3 8.
Qxc3 d6 9. e3 Nc6 10. Bd3 e5 11. Ne2 Qg6 12. h4 h6 13. Bxf6 Qxf6 14. g3 Bd7 15.
f4 exd4 16. exd4 Rae8 17. Rhe1 a6 18. a3 Nd8 19. Bc2 Re7 20. d5 Qxc3 21. Nxc3
Rfe8 22. Kd2 Rxe1 23. Rxe1 Rxe1 24. Kxe1 Kf7 25. Ke2 h5 26. b4 g6 27. Ke3 Ke7
28. Kd4 Nf7 29. Bd3 Nd8 30. c5 c6 31. Bc4 Be8 32. Be2 Kd7 33. Bf3 Kc7 34. dxc6
Bxc6 35. Nd5+ Kd7 36. Nb6+ Ke6 37. Bd1 dxc5+ 38. Kxc5 Ke7 39. Bb3 Be4 40. Nd5+
Kd7 41. Nf6+ Ke7 42. Nxe4 fxe4 43. Kd4 Nc6+ 44. Kxe4 Na7 45. Bc4 Nc8 46. Ke5
Nd6 47. Bd3 1-0

[Event "Elit(Wasa-Rockaden)"]
[Site "?"]
[Date "2006.??.??"]
[Round "7"]
[White "Barkhagen, Jonas"]
[Black "Astrom, Goran"]
[Result "1-0"]
[WhiteElo "2542"]
[BlackElo "2346"]
[PlyCount "111"]
[EventDate "2006.??.??"]

1. d4 Nf6 2. c4 e6 3. Nf3 b6 4. g3 Ba6 5. Qa4 Bb7 6. Bg2 c5 7. dxc5 Bxc5 8. O-O
Be7 9. Nc3 O-O 10. Rd1 d6 11. Bf4 a6 12. Rd2 Bc6 13. Qb3 Ra7 14. Rad1 Rd7 15.
Ne1 Bxg2 16. Nxg2 Qc7 17. Be3 Qc6 18. Qxb6 Qxc4 19. Bf4 d5 20. Bxb8 Bc5 21. Ne3
Bxb6 22. Nxc4 Rxb8 23. Nxb6 Rxb6 24. e4 Kf8 25. Kg2 Ke7 26. exd5 exd5 27. b3
Rbd6 28. Rd4 Rd8 29. R1d3 R8d7 30. f3 Rd8 31. Kf2 R8d7 32. Ke3 Rd8 33. Kf4 h6
34. g4 g5+ 35. Kf5 R8d7 36. Re3+ Kf8 37. Re5 Kg7 38. f4 gxf4 39. Kxf4 Kg6 40.
h4 Rd8 41. g5 hxg5+ 42. hxg5 Nh5+ 43. Kg4 f6 44. Rexd5 Rxd5 45. Nxd5 f5+ 46.
Kh4 Re8 47. Ne7+ Rxe7 48. Rd6+ Kg7 49. Kxh5 Re2 50. Rd7+ Kf8 51. Kg6 Rxa2 52.
Kf6 Ke8 53. Re7+ Kd8 54. g6 Rg2 55. g7 f4 56. Re5 1-0

[Event "Elit(Wasa-Rockaden)"]
[Site "?"]
[Date "2006.??.??"]
[Round "7"]
[White "Hellborg, Teodor"]
[Black "Livner, Anders"]
[Result "0-1"]
[WhiteElo "2389"]
[BlackElo "2407"]
[PlyCount "46"]
[EventDate "2006.??.??"]

1. d4 d5 2. c4 dxc4 3. Nf3 Nf6 4. e3 e6 5. Bxc4 c5 6. O-O a6 7. a4 Nc6 8. Qe2
cxd4 9. Rd1 Be7 10. exd4 O-O 11. Bg5 Nb4 12. Ne5 Bd7 13. Nc3 Bc6 14. Bb3 Bd5
15. Nxd5 Nfxd5 16. Bd2 Rc8 17. Qe4 Nc6 18. Rac1 Nf6 19. Qe3 Qd6 20. Rc4 Rc7 21.
Rdc1 Rfc8 22. Nxc6 Rxc6 23. Bb4 Qxb4 0-1

[Event "Elit(Wasa-Rockaden)"]
[Site "?"]
[Date "2006.??.??"]
[Round "7"]
[White "Hedman, Erik"]
[Black "von Bahr, Oskar"]
[Result "1/2-1/2"]
[WhiteElo "2429"]
[BlackElo "2366"]
[PlyCount "64"]
[EventDate "2006.??.??"]

1. e4 c5 2. Nf3 d6 3. Bc4 Nf6 4. e5 dxe5 5. Nxe5 e6 6. Qe2 Be7 7. b3 O-O 8. Bb2
Nfd7 9. f4 Nxe5 10. fxe5 Nc6 11. O-O Nd4 12. Qe4 Bd7 13. Bd3 g6 14. Nc3 Bc6 15.
Qg4 Nf5 16. Kh1 Qd4 17. Qxd4 cxd4 18. Ne2 Bg5 19. Rad1 Nh4 20. Rf2 b6 21. Nxd4
Bb7 22. Ba3 Rfd8 23. Bd6 Rac8 24. Kg1 Kg7 25. g3 Nf5 26. Nxf5+ gxf5 27. h4 Bh6
28. Kh2 Kh8 29. c4 Rg8 30. Be7 Bg7 31. Bd6 Bh6 32. Be7 Bg7 1/2-1/2

[Event "Elit(Wasa-Rockaden)"]
[Site "?"]
[Date "2006.??.??"]
[Round "7"]
[White "Berkell, Peder"]
[Black "Hermansson, Emil"]
[Result "1/2-1/2"]
[WhiteElo "2204"]
[BlackElo "2502"]
[PlyCount "69"]
[EventDate "2006.??.??"]

1. g3 d5 2. Bg2 c5 3. d3 Nc6 4. Nd2 e5 5. Ngf3 Nge7 6. O-O f6 7. c4 d4 8. a3 a5
9. Qc2 Nf5 10. Ne4 Be6 11. e3 Qd7 12. g4 Nh6 13. exd4 Bxg4 14. Bxh6 Bxf3 15.
Bxf3 Qh3 16. Bg2 Qxh6 17. d5 Nd4 18. Qa4+ Kd8 19. d6 b6 20. Nxc5 Ra7 21. Nb7+
Rxb7 22. Bxb7 Bxd6 23. c5 e4 24. f4 Bxc5 25. Kh1 Ne2 26. dxe4 Ng3+ 27. Kg2 Nxf1
28. Rd1+ Kc7 29. Qd7+ Kb8 30. Rxf1 Qg6+ 31. Kh1 Qe8 32. Rd1 Qxd7 33. Rxd7 Re8
34. Rxg7 Re7 35. Rxe7 1/2-1/2

[Event "Elit(Wasa-Rockaden)"]
[Site "?"]
[Date "2006.??.??"]
[Round "7"]
[White "Bator, Robert"]
[Black "Collett, Peter"]
[Result "1-0"]
[WhiteElo "2461"]
[BlackElo "2236"]
[PlyCount "87"]
[EventDate "2006.??.??"]

1. d4 Nf6 2. Nf3 e6 3. g3 b5 4. a4 b4 5. Bg2 Bb7 6. a5 c5 7. c3 Na6 8. O-O Be7
9. e3 O-O 10. c4 d5 11. b3 Rc8 12. Nbd2 dxc4 13. bxc4 cxd4 14. exd4 Bxf3 15.
Nxf3 Rxc4 16. Qd3 Qc8 17. Ne5 Rc3 18. Qb5 Nc7 19. Qa4 Ncd5 20. Bd2 Rc7 21. Rfc1
Bd6 22. Rxc7 Qxc7 23. Rc1 Qb7 24. Nc4 Be7 25. a6 Qb8 26. Na5 Qb6 27. Nb3 h6 28.
Rc6 Qb8 29. Nc5 Bxc5 30. Rxc5 b3 31. Rb5 b2 32. Qb3 Qd6 33. Bf1 Nc7 34. Bf4 Qc6
35. Bxc7 Qxc7 36. Qxb2 Rd8 37. Rb7 Qa5 38. Rxa7 Nd5 39. Rb7 Kh7 40. Rxf7 Nb4
41. d5 Rg8 42. dxe6 Nxa6 43. Ra7 Qb4 44. Qc2+ 1-0

[Event "Elit(Wasa-Rockaden)"]
[Site "?"]
[Date "2006.??.??"]
[Round "7"]
[White "Soderberg, Per"]
[Black "Olsson, Anders"]
[Result "1/2-1/2"]
[WhiteElo "2225"]
[BlackElo "2504"]
[PlyCount "81"]
[EventDate "2006.??.??"]

1. e4 e6 2. d4 d5 3. Nc3 Bb4 4. e5 c5 5. a3 Bxc3+ 6. bxc3 Ne7 7. Qg4 O-O 8. Nf3
Nbc6 9. Bd3 f5 10. exf6 Rxf6 11. Bg5 e5 12. Bxh7+ Kxh7 13. Qh5+ Kg8 14. Bxf6
gxf6 15. dxe5 Qf8 16. O-O Bf5 17. Rfe1 Qg7 18. exf6 Qxf6 19. Nh4 Rf8 20. Re2
Bd7 21. Rae1 Rf7 22. Nf3 Qg6 23. Qxg6+ Nxg6 24. Ng5 Rf4 25. g3 Rc4 26. h4 Rxc3
27. h5 Nf8 28. h6 Bf5 29. Re8 Rxc2 30. g4 Bd3 31. Ne6 Kh7 32. Rxf8 Kxh6 33.
Rh8+ Kg6 34. Nf4+ Kg7 35. Rc8 Be4 36. g5 Nd4 37. Rc7+ Kg8 38. Rc8+ Kg7 39. Rc7+
Kg8 40. Rc8+ Kg7 41. Rc7+ 1/2-1/2

[Event "Elit(LASK-Limhamn)"]
[Site "?"]
[Date "2006.??.??"]
[Round "8"]
[White "Hector, Jonny"]
[Black "Olsen, Heini"]
[Result "1-0"]
[WhiteElo "2609"]
[BlackElo "2383"]
[PlyCount "63"]
[EventDate "2006.03.08"]

1. d4 d5 2. Nc3 Nf6 3. Bg5 Nbd7 4. Qd3 c6 5. O-O-O g6 6. f3 Bg7 7. e4 dxe4 8.
fxe4 Qa5 9. e5 Nd5 10. Nxd5 cxd5 11. Qb3 e6 12. h4 h6 13. Bd2 Qb6 14. Qa4 a6
15. Rh3 O-O 16. Ba5 Qa7 17. Bb4 b5 18. Qa5 Nxe5 19. dxe5 Qxg1 20. Bxf8 Bxf8 21.
Rf3 Bd7 22. Bd3 Qxg2 23. Rdf1 Be8 24. Qc7 Bg7 25. a3 Qg4 26. Kb1 a5 27. Qb7 Rd8
28. Bxb5 Bxb5 29. Rxf7 Bxe5 30. Qxb5 Qxh4 31. Qb6 Bd6 32. Qxd6 1-0

[Event "Elit(LASK-Limhamn)"]
[Site "?"]
[Date "2006.??.??"]
[Round "8"]
[White "Olsson, Linus"]
[Black "Jepson, Christian"]
[Result "1/2-1/2"]
[WhiteElo "2424"]
[BlackElo "2476"]
[PlyCount "112"]
[EventDate "2006.03.08"]

1. d4 d5 2. c4 c6 3. Nf3 Nf6 4. Nc3 e6 5. Bg5 Nbd7 6. e3 Qa5 7. Nd2 Bb4 8. Qc2
O-O 9. Bxf6 Nxf6 10. Bd3 Qd8 11. O-O h6 12. Rfd1 Re8 13. Rac1 Bd6 14. Nf3 Qe7
15. h3 dxc4 16. Bxc4 e5 17. dxe5 Bxe5 18. Nxe5 Qxe5 19. Qb3 Qe7 20. a4 Rb8 21.
Rd4 b6 22. Rcd1 Bf5 23. Rd6 Rbc8 24. R1d4 Be6 25. Bxe6 fxe6 26. Qc4 c5 27. Rd1
Kh8 28. e4 Nd5 29. e5 Qg5 30. Qe4 Nf4 31. Kh2 Rf8 32. R1d2 Rce8 33. g3 Nd5 34.
Re2 Nb4 35. f4 Qe7 36. Qg6 Rf7 37. Red2 Qf8 38. Kg1 Rfe7 39. Rd7 Rxd7 40. Rxd7
Re7 41. Rd6 Qc8 42. h4 c4 43. Ne4 Nd5 44. Kh2 a6 45. f5 exf5 46. Rxd5 fxe4 47.
Qxe4 Re8 48. Rd6 Qc5 49. Qf5 b5 50. Rxh6+ gxh6 51. Qf6+ Kg8 52. Qg6+ Kf8 53.
Qf6+ Kg8 54. Qg6+ Kf8 55. Qf6+ Kg8 56. Qg6+ Kf8 1/2-1/2

[Event "Elit(LASK-Limhamn)"]
[Site "?"]
[Date "2006.??.??"]
[Round "8"]
[White "Mansson, Lars"]
[Black "Tikkanen, Hans"]
[Result "0-1"]
[WhiteElo "2222"]
[BlackElo "2426"]
[PlyCount "66"]
[EventDate "2006.03.08"]

1. e4 g6 2. d4 Bg7 3. Nf3 d6 4. Nc3 a6 5. Be3 b5 6. Bd3 Nd7 7. h4 h6 8. Ne2 c5
9. c3 e5 10. h5 g5 11. Ng3 Ne7 12. a4 Rb8 13. axb5 axb5 14. O-O Qc7 15. dxe5
dxe5 16. Nf5 Nxf5 17. exf5 O-O 18. Nd2 Bb7 19. Ne4 Bxe4 20. Bxe4 Nf6 21. Bc2 e4
22. Qe2 Rfe8 23. Ra6 Qe5 24. Rc6 Bf8 25. b4 Rec8 26. Rxc8 Rxc8 27. Rd1 Qxc3 28.
bxc5 Bxc5 29. Bxc5 Qxc5 30. Bb3 Qxf5 31. Qa2 Ng4 32. g3 Qf3 33. Qa7 Qxb3 0-1

[Event "Elit(LASK-Limhamn)"]
[Site "?"]
[Date "2006.??.??"]
[Round "8"]
[White "Niklasson, Christer"]
[Black "Dragicevic, Drazen"]
[Result "1/2-1/2"]
[WhiteElo "2423"]
[BlackElo "2298"]
[PlyCount "59"]
[EventDate "2006.03.08"]

1. d4 Nf6 2. c4 g6 3. Nc3 d5 4. cxd5 Nxd5 5. Bd2 Bg7 6. e4 Nb6 7. Be3 O-O 8.
Be2 Nc6 9. Nf3 Bg4 10. d5 Bxf3 11. gxf3 Ne5 12. Qb3 c6 13. O-O-O cxd5 14. Nxd5
Nxd5 15. Rxd5 Qc7+ 16. Kb1 e6 17. Rc5 Nc6 18. f4 b6 19. Rc2 Qb7 20. Bf3 Na5 21.
Qa4 Rac8 22. Rhc1 Rxc2 23. Qxc2 b5 24. Qc7 Qxc7 25. Rxc7 Nc4 26. e5 f6 27. exf6
Bxf6 28. Rxa7 Bxb2 29. Bg4 Re8 30. Ra6 1/2-1/2

[Event "Elit(LASK-Limhamn)"]
[Site "?"]
[Date "2006.??.??"]
[Round "8"]
[White "Nylen, Anders"]
[Black "Semcesen, Daniel"]
[Result "1/2-1/2"]
[WhiteElo "2285"]
[BlackElo "2308"]
[PlyCount "141"]
[EventDate "2006.03.08"]

1. d4 d5 2. c4 c6 3. Nf3 Nf6 4. Nc3 a6 5. e3 Bf5 6. Be2 e6 7. Nh4 Bg6 8. Nxg6
hxg6 9. Qb3 Qc7 10. h3 Nbd7 11. Bd2 Bd6 12. Bf3 O-O 13. Rc1 dxc4 14. Qxc4 Rac8
15. O-O e5 16. d5 c5 17. Rfd1 b5 18. Qh4 c4 19. e4 Nc5 20. Bg5 Nfd7 21. Be2
Rfe8 22. Be3 Qb8 23. f3 Rc7 24. Qf2 Nb7 25. g3 Bf8 26. Kg2 Nd6 27. g4 Be7 28.
g5 f5 29. gxf6 Bxf6 30. Qg3 Nf8 31. Rh1 g5 32. Bxg5 Bxg5 33. Qxg5 Rf7 34. Rhg1
Rf6 35. Kh2 Ng6 36. Rg3 Nf7 37. Qe3 Kh7 38. Rcg1 Rg8 39. Bf1 Nh4 40. Bg2 g5 41.
Bh1 Rh6 42. Ne2 Qd6 43. a3 Qf6 44. Rg4 Ng6 45. Bg2 Nf4 46. Ng3 Rhg6 47. Nf5 Kh8
48. Bf1 Nh6 49. Nxh6 Rxh6 50. R1g3 Rh5 51. Qa7 Rh7 52. Qc5 Rg6 53. Qc8+ Kg7 54.
Qc5 Kh6 55. Qe3 Rhg7 56. Rg1 Kh7 57. Bg2 Qd6 58. Bf1 Qc7 59. Be2 Kh8 60. Bf1
Qa5 61. Bg2 Kh7 62. Bf1 Qa4 63. Qc3 Rh6 64. Rxg5 Rxg5 65. Rxg5 Ng6 66. Rxg6
Rxg6 67. Bg2 Qd1 68. Qxe5 Qd2 69. Qe7+ Kh6 70. Qh4+ Kg7 71. Qe7+ 1/2-1/2

[Event "Elit(LASK-Limhamn)"]
[Site "?"]
[Date "2006.??.??"]
[Round "8"]
[White "Lund, Esben"]
[Black "Tadjerbashi, Amir"]
[Result "1-0"]
[WhiteElo "2340"]
[BlackElo "2234"]
[PlyCount "51"]
[EventDate "2006.03.08"]

1. d4 d5 2. c4 c6 3. Nf3 Nf6 4. Nc3 e6 5. e3 Nbd7 6. b3 Bb4 7. Bd2 Bd6 8. Bd3
O-O 9. O-O e5 10. cxd5 cxd5 11. Nb5 Bb8 12. dxe5 Nxe5 13. Nxe5 Bxe5 14. Bc3 Bb8
15. Rc1 Re8 16. g3 Ng4 17. Nd4 Qg5 18. Nf3 Qh5 19. Bb5 Re6 20. Bd4 Bd6 21. Qc2
f5 22. h4 a6 23. Qxc8+ Rxc8 24. Rxc8+ Bf8 25. Ng5 Rd6 26. Be8 1-0

[Event "Elit(LASK-Limhamn)"]
[Site "?"]
[Date "2006.??.??"]
[Round "8"]
[White "Penalver, Osmani"]
[Black "Nilsson, Sebastian"]
[Result "1-0"]
[WhiteElo "2235"]
[BlackElo "2252"]
[PlyCount "151"]
[EventDate "2006.03.08"]

1. d4 d5 2. c4 Nc6 3. Nc3 dxc4 4. e3 e5 5. d5 Nce7 6. Bxc4 Ng6 7. Nf3 Bd6 8.
O-O Nf6 9. Bb5+ Bd7 10. e4 O-O 11. Bxd7 Qxd7 12. Bg5 Ne8 13. Nh4 h6 14. Nxg6
fxg6 15. Be3 Nf6 16. f3 c6 17. Qb3 c5 18. Qb5 Qc7 19. a4 a6 20. Qc4 b6 21. Rfc1
Qb7 22. Nd1 Nd7 23. Nf2 Kh7 24. Qc2 Rac8 25. b3 Rc7 26. Qd2 Rcc8 27. Ng4 Nf6
28. Nf2 Nd7 29. Nd3 a5 30. Nb2 Rce8 31. Qe2 Nb8 32. Nc4 Qe7 33. Na3 Qb7 34. Nb5
Rf6 35. Qb2 Qf7 36. Bd2 Nd7 37. Bc3 Bb8 38. Na3 Qe7 39. Nc4 Bd6 40. Rf1 Rf7 41.
Rae1 Ref8 42. Qe2 Re8 43. Qd2 Rff8 44. f4 Rxf4 45. Rxf4 exf4 46. e5 Bb8 47. e6
Nf6 48. d6 Qd8 49. e7 Qd7 50. Bxf6 gxf6 51. Qxf4 Kg7 52. Rf1 Qe6 53. d7 Rxe7
54. Qxb8 Rxd7 55. Qxb6 Qxb6 56. Nxb6 Rb7 57. Nc4 Rxb3 58. Ra1 Rb4 59. Nxa5 c4
60. Nc6 Rb6 61. Nd4 Kf7 62. a5 Ra6 63. Kf2 Ke7 64. Ke3 Kd6 65. Kd2 h5 66. Kc3
Kd5 67. Nc2 Kc5 68. Nb4 Ra7 69. a6 Kb5 70. Rd1 Re7 71. Rd5+ Kb6 72. Kxc4 Re2
73. Rb5+ Ka7 74. Rb7+ Ka8 75. Nc6 Rxg2 76. Rb8# 1-0

[Event "Elit(LASK-Limhamn)"]
[Site "?"]
[Date "2006.??.??"]
[Round "8"]
[White "Riis, Jens"]
[Black "Johansson, Thomas"]
[Result "1-0"]
[WhiteElo "2257"]
[BlackElo "2233"]
[PlyCount "161"]
[EventDate "2006.03.08"]

1. d4 f5 2. Bg5 g6 3. Nc3 Nh6 4. e4 fxe4 5. Nxe4 Nf7 6. Bh4 Bg7 7. Nf3 O-O 8.
Bd3 d5 9. Nc5 b6 10. Nb3 c5 11. Be2 c4 12. Nbd2 Nc6 13. c3 h6 14. O-O Bf5 15.
Re1 Qd7 16. Nf1 g5 17. Bg3 Rae8 18. Ne3 e6 19. h4 Qd8 20. hxg5 hxg5 21. Qa4 Qd7
22. b3 Rd8 23. Qa6 cxb3 24. axb3 Qe7 25. Bb5 Qd7 26. Rac1 Be4 27. Nd2 Nd6 28.
Ba4 Qc7 29. Qe2 Qb7 30. Bxd6 Rxd6 31. Nxe4 dxe4 32. Nc4 Rd5 33. Qxe4 Nd8 34.
Ne3 b5 35. Nxd5 exd5 36. Qe7 bxa4 37. Qxb7 Nxb7 38. bxa4 Rf7 39. Re6 Rc7 40.
Rb1 Na5 41. Rb5 Kf7 42. Ra6 Nc4 43. Rxd5 Nb6 44. Rxg5 Bf6 45. Rc5 Rb7 46. Rca5
Nc8 47. Rf5 Nb6 48. a5 Nd7 49. g4 Kg7 50. f4 Bd8 51. Rd5 Be7 52. Re6 Kf7 53.
Rc6 Nf6 54. Rf5 Kg7 55. g5 Ng4 56. Re6 Ba3 57. Rd5 Bc1 58. Kg2 Ne3+ 59. Rxe3
Bxe3 60. Kf3 Bd2 61. c4 Rf7 62. f5 Bxg5 63. a6 Kf8 64. Rb5 Bd8 65. Ke4 Rf6 66.
Rb7 Rxa6 67. c5 Ke8 68. d5 Be7 69. d6 Bxd6 70. cxd6 Rxd6 71. Rxa7 Rb6 72. Kf4
Kf8 73. Kg5 Kg8 74. f6 Rb8 75. Kg6 Rc8 76. Rh7 Rc6 77. Rh3 Rb6 78. Re3 Kf8 79.
Rc3 Rb8 80. Rc7 Ra8 81. Rh7 1-0

[Event "Elit(Sollentuna-Rockaden)"]
[Site "?"]
[Date "2006.??.??"]
[Round "8"]
[White "Nielsen, Peter Heine"]
[Black "Agrest, Evgenij"]
[Result "0-1"]
[WhiteElo "2694"]
[BlackElo "2684"]
[PlyCount "108"]
[EventDate "2006.??.??"]

1. d4 Nf6 2. c4 e6 3. Nf3 d5 4. Nc3 dxc4 5. e4 Bb4 6. Bg5 b5 7. a4 c6 8. e5 h6
9. exf6 hxg5 10. fxg7 Rg8 11. g3 Bb7 12. Bg2 Nd7 13. O-O Rxg7 14. axb5 cxb5 15.
Nxb5 a6 16. Qa4 axb5 17. Qxb4 Rb8 18. Ra7 Qb6 19. Rfa1 f6 20. R1a5 Re7 21. Qxb5
Bd5 22. Qxb6 Rxb6 23. h4 g4 24. Nh2 Bxg2 25. Kxg2 f5 26. d5 e5 27. Nf1 f4 28.
Nd2 Rxb2 29. Nxc4 f3+ 30. Kg1 Rb1+ 31. Kh2 e4 32. d6 Rh7 33. Ne5 e3 34. Ra8+
Nb8 35. Rc5 Rd7 36. Nxd7 exf2 37. Rxb8+ Rxb8 38. Nf6+ Kf7 39. Rc1 Kxf6 40. Rd1
Rb2 41. Kh1 Rd2 42. Rf1 Rxd6 43. Rxf2 Rd1+ 44. Kh2 Re1 45. h5 Re2 46. Kg1 Rxf2
47. Kxf2 Kg5 48. Ke3 Kxh5 49. Kf2 Kg5 50. Ke3 Kf5 51. Kf2 Ke4 52. Kf1 Ke3 53.
Ke1 f2+ 54. Kf1 Kd3 0-1

[Event "Elit(Sollentuna-Rockaden)"]
[Site "?"]
[Date "2006.??.??"]
[Round "8"]
[White "Popov, Valerij"]
[Black "Karlsson, Lars"]
[Result "1-0"]
[WhiteElo "2633"]
[BlackElo "2626"]
[PlyCount "69"]
[EventDate "2006.??.??"]

1. Nf3 e6 2. c4 f5 3. g3 Nf6 4. Bg2 d5 5. O-O Be7 6. d4 O-O 7. b3 Nc6 8. Ba3
Nb4 9. Ne5 a5 10. Bb2 Bd7 11. Nd2 Be8 12. Ndf3 Ra6 13. a3 Nc6 14. Nd3 Ne4 15.
Qc2 Bf7 16. e3 Bf6 17. Rfc1 Qe7 18. a4 Rc8 19. Ba3 Qe8 20. h3 Be7 21. Qb2 Bxa3
22. Qxa3 Qf8 23. Qb2 Nb4 24. Nfe1 Nxd3 25. Nxd3 Nf6 26. Qc2 Ra7 27. Ne5 g6 28.
g4 fxg4 29. hxg4 c6 30. g5 Ne8 31. f4 b6 32. e4 c5 33. cxd5 exd5 34. exd5 Nd6
35. Nc6 1-0

[Event "Elit(Sollentuna-Rockaden)"]
[Site "?"]
[Date "2006.??.??"]
[Round "8"]
[White "Andersson, Ulf"]
[Black "Ivanov, Sergej"]
[Result "1/2-1/2"]
[WhiteElo "2612"]
[BlackElo "2630"]
[PlyCount "43"]
[EventDate "2006.??.??"]

1. Nf3 d5 2. d4 Nf6 3. c4 e6 4. g3 a6 5. Nbd2 c5 6. cxd5 exd5 7. dxc5 Bxc5 8.
Nb3 Ba7 9. Bg2 Nc6 10. O-O O-O 11. Nbd4 Qb6 12. e3 Bg4 13. b3 Nxd4 14. Qxd4 Qb5
15. Qd1 Rfd8 16. Bb2 Ne4 17. h3 Bf5 18. Bd4 Bxd4 19. Qxd4 Rac8 20. Nh4 Nc3 21.
Kh2 Bg6 22. Nxg6 1/2-1/2